Quiz sur Pokémon X et Y - Statistiques

Statistiques générales
  • Ce quiz a été pris 174 fois
  • Le résultat moyen est 7 sur 15
Statistiques - réponses
Hint Réponse % Correct
Quelle génération inaugure les jeux X et Y? La 6eme
86%
Graphiquement, quelle est la nouveauté des jeux X et Y? La 3D
85%
Qui dort devant notre maison à Bourg Croquis? Rhinocorne (celui de notre mère)
71%
Qui est le premier Rival que l'on rencontre dans le jeu, hormis le Rival principal? Sannah
62%
Quels Pokémon légendaires d'Unys ont droit à leur statue dans les jardins du Palais Chaydeuvre? Reshiram et Zekrom
61%
Comment s'appelle la caverne où l'on peut rencontrer Zygarde? Grotte Coda
53%
Quel objet présent à Fort-Vanitas permet de faire bouger Ronflex du chemin? La Pokeflûte
53%
Après quels jeux de la série principale (donc sans compter les spin-off) sont-ils sortis? Noir & Blanc 2
43%
Quel est le nom du premier Badge d'Arène de la région? Badge Coléoptère
42%
Qui a écrit le mot que le Joueur peut trouver sur un banc de la gare de Mozheim? Le Professeur Platane
30%
Qui est la soeur de Violette, la Championne d'Arène de Neuvartault? Alexia
28%
Quelle est la dernière ville que l'on débloque dans le jeu? Batisques
28%
Quand a eu lieue la grande guerre de Kalos? Il y a 3000 ans
25%
Qu'a inventé A.Z, qui a conduit dans le passé à la mort de nombreux Pokémon? L'Arme Suprême
24%
Avec Illumis et Cromlac'h, dans quelle ville la Team Flare a installé son QG? Romant-sous-Bois
23%
Aucun quiz correspondant
Distribution des résultats
% des personnes avec chaque résultat
Percentile par nombre de réponses
Votre historique - résultats
Vous n’avez pas pris ce quiz